[Event "Saint Quentin 2005"]
[Site "Elancourt"]
[Date "2005.04.26"]
[Round "5.4"]
[White "Baron, Daniel"]
[Black "Le Ray, Olivier"]
[Result "1-0"]
[WhiteElo "2134"]
[BlackElo "1982"]
[PlyCount "89"]
[EventDate "2005.04.??"]

1. d4 d6 2. c4 e5 3. d5 f5 4. e4 Nf6 5. Nc3 Be7 6. exf5 Bxf5 7. Nge2 O-O 8. Ng3
Bg6 9. Bd3 Bxd3 10. Qxd3 Na6 11. Qe2 Qd7 12. O-O Rae8 13. Be3 Ng4 14. f3 Nxe3
15. Qxe3 c5 16. Nge4 Nb4 17. Qd2 a5 18. b3 Na6 19. a3 Rf5 20. Na4 Bd8 21. Nb2
Ref8 22. Nd3 h6 23. Rab1 Bg5 24. Qe2 Nc7 25. b4 axb4 26. axb4 b5 27. Ndxc5 dxc5
28. bxc5 bxc4 29. d6 Ne8 30. Qxc4+ Kh8 31. Rfd1 Be3+ 32. Kh1 Bd4 33. Rb8 Qf7
34. Qxf7 R5xf7 35. c6 Nxd6 36. Rxf8+ Rxf8 37. Nxd6 Bb6 38. Rc1 Bc7 39. Nb5 Rc8
40. Nxc7 Rxc7 41. Kg1 Kg8 42. Kf2 Kf7 43. Ke3 Kf6 44. Ke4 Ke6 45. Rc2 1-0

[Event "Saint Quentin 2005"]
[Site "Elancourt"]
[Date "2005.04.26"]
[Round "5.5"]
[White "Plantet, Marc"]
[Black "Hedjazian, Navid"]
[Result "1-0"]
[WhiteElo "2036"]
[BlackElo "1954"]
[PlyCount "83"]
[EventDate "2005.04.??"]

1. e4 d6 2. d4 Nf6 3. Nc3 g6 4. Be3 c6 5. Qd2 b5 6. Bd3 Nbd7 7. h3 Bg7 8. O-O-O
Qa5 9. Kb1 Nb6 10. Nf3 O-O 11. Nd5 Qxd2 12. Nxe7+ Kh8 13. Rxd2 Bd7 14. e5 Ne8
15. exd6 Nxd6 16. Ne5 Bxe5 17. dxe5 Ndc8 18. Nxc8 Nxc8 19. Bxb5 cxb5 20. Rxd7
Nb6 21. Bxb6 axb6 22. Rhd1 Rae8 23. Re1 Re6 24. Rd6 Rfe8 25. Rxe6 Rxe6 26. b3
f6 27. f4 g5 28. f5 Rxe5 29. Rxe5 fxe5 30. g4 Kg7 31. Kc1 Kf6 32. Kd2 e4 33.
Ke3 Ke5 34. a3 h6 35. c4 bxc4 36. bxc4 h5 37. a4 h4 38. c5 bxc5 39. a5 c4 40.
a6 c3 41. a7 c2 42. Kd2 1-0

[Event "Saint Quentin 2005"]
[Site "Elancourt"]
[Date "2005.04.26"]
[Round "5.6"]
[White "Legrix, Jean-Marie"]
[Black "Couturier, Francois"]
[Result "0-1"]
[WhiteElo "1976"]
[BlackElo "2075"]
[PlyCount "82"]
[EventDate "2005.04.??"]

1. d4 Nf6 2. Nf3 e6 3. e3 c5 4. c4 d5 5. b3 cxd4 6. exd4 Nc6 7. Be2 dxc4 8.
bxc4 Bb4+ 9. Bd2 Bxd2+ 10. Qxd2 Ne4 11. Qd3 Qa5+ 12. Nbd2 Nxd2 13. Qxd2 Qxd2+
14. Kxd2 O-O 15. Rhd1 b6 16. Ke3 Ba6 17. Rac1 Rfd8 18. Ne5 Ne7 19. Bf3 Rac8 20.
c5 f6 21. Nc4 Nf5+ 22. Kf4 bxc5 23. dxc5 Rxd1 24. Bxd1 Rxc5 25. Bb3 Nd6 26.
Nxd6 Rxc1 27. Bxe6+ Kf8 28. Bb3 Rc6 29. Nf5 Bc4 30. Nd4 Rc8 31. Ke4 Bxb3 32.
axb3 Ke7 33. Kd5 Kd7 34. f3 Rc1 35. Nb5 a6 36. Nd4 Rh1 37. g4 Rxh2 38. Nf5 g6
39. Ng3 Rh3 40. Ne4 Rxf3 41. Nc5+ Kc8 0-1

[Event "Saint Quentin 2005"]
[Site "Elancourt"]
[Date "2005.04.26"]
[Round "5.7"]
[White "Hadet, Emmanuel"]
[Black "Appavou, Calixte"]
[Result "1/2-1/2"]
[WhiteElo "2030"]
[BlackElo "1960"]
[PlyCount "88"]
[EventDate "2005.04.??"]

1. e4 c6 2. c4 d5 3. cxd5 cxd5 4. exd5 Qxd5 5. Nc3 Qd8 6. d4 e6 7. Nf3 Nc6 8.
Bc4 Nf6 9. O-O Be7 10. Re1 O-O 11. Bf4 a6 12. Rc1 Nd5 13. Bg3 Bf6 14. Ne4 Be7
15. Nc3 Nxc3 16. bxc3 b5 17. Bb3 Na5 18. Bc2 Bb7 19. Qd3 g6 20. Bf4 Bf6 21. Bh6
Re8 22. Ne5 Bg5 23. Bxg5 Qxg5 24. f3 Red8 25. Rb1 Nc4 26. Nxc4 bxc4 27. Qe3
Qxe3+ 28. Rxe3 Bd5 29. Ree1 Rdb8 30. Kf2 f5 31. h4 Kf7 32. Ke3 Kf6 33. g4 h6
34. Rg1 a5 35. g5+ hxg5 36. hxg5+ Ke7 37. Rh1 Rxb1 38. Rxb1 Rh8 39. Rb5 Rh2 40.
Bb1 Rh3 41. Rxa5 Rxf3+ 42. Kd2 Rf2+ 43. Kc1 Rf1+ 44. Kd2 Rf2+ 1/2-1/2

[Event "Saint Quentin 2005"]
[Site "Elancourt"]
[Date "2005.04.26"]
[Round "5.8"]
[White "Criton, Roland"]
[Black "Brunel, Eric"]
[Result "0-1"]
[WhiteElo "2018"]
[BlackElo "1920"]
[PlyCount "56"]
[EventDate "2005.04.??"]

1. d4 g6 2. Nf3 Bg7 3. c3 b6 4. Bf4 Nf6 5. Nbd2 Bb7 6. Qc2 Na6 7. e4 O-O 8. Be2
c5 9. O-O cxd4 10. Nxd4 Nc5 11. f3 d5 12. N4b3 Ne6 13. Be5 Bh6 14. Bxf6 exf6
15. Rad1 Qc7 16. exd5 Bxd5 17. Ne4 Bxe4 18. Qxe4 Bf4 19. h3 f5 20. Qc4 Be3+ 21.
Kh1 Qg3 22. Rfe1 Bf2 23. Rf1 Be3 24. Rfe1 Nf4 25. Bf1 Bf2 26. Re7 Nxh3 27. Rd2
Ng5 28. Ree2 Nxf3 0-1

[Event "Saint Quentin 2005"]
[Site "Elancourt"]
[Date "2005.04.26"]
[Round "5.9"]
[White "Velitchko, Kirill"]
[Black "Oger, Claude"]
[Result "0-1"]
[WhiteElo "1199"]
[BlackElo "2008"]
[PlyCount "50"]
[EventDate "2005.04.??"]

1. e4 c5 2. Nf3 Nc6 3. d4 cxd4 4. Nxd4 e6 5. Nc3 Nf6 6. Be3 Bb4 7. f3 Qa5 8.
Ndb5 a6 9. Nd6+ Ke7 10. Nxc8+ Raxc8 11. Qd2 Rhd8 12. Rd1 d5 13. e5 Nxe5 14. Bd4
Nc6 15. a3 Bd6 16. g4 Nxd4 17. Qxd4 Kf8 18. g5 Nd7 19. Qh4 Be5 20. Qb4+ Qxb4
21. axb4 Bxc3+ 22. bxc3 Rxc3 23. Bd3 Ne5 24. Ke2 Rdc8 25. f4 Nxd3 0-1

[Event "Saint Quentin 2005"]
[Site "Elancourt"]
[Date "2005.04.26"]
[Round "5.10"]
[White "Duval, Sylvain"]
[Black "Habunek, Patrick"]
[Result "1/2-1/2"]
[WhiteElo "2006"]
[BlackElo "1700"]
[PlyCount "92"]
[EventDate "2005.04.??"]

1. e4 c5 2. Nc3 Nc6 3. Bb5 e6 4. Nf3 Nge7 5. d4 cxd4 6. Nxd4 Nxd4 7. Qxd4 a6 8.
Ba4 b5 9. Bb3 Nc6 10. Qd3 g6 11. a3 Bg7 12. Be3 O-O 13. O-O Qc7 14. f4 Bb7 15.
Rad1 Rfd8 16. e5 Na5 17. Qd6 Qxd6 18. Rxd6 Nxb3 19. cxb3 Bf8 20. Rd3 d5 21. b4
Rac8 22. Rfd1 Re8 23. g4 Bg7 24. Bc5 Bf8 25. Bxf8 Rxf8 26. g5 Rc4 27. Rd4 Rxd4
28. Rxd4 Rc8 29. Kf2 Kf8 30. Ke3 Ke7 31. Ne2 h5 32. Rd3 Rc2 33. Rc3 Rxc3+ 34.
Nxc3 Kd7 35. Kd4 Kc6 36. Ne2 Bc8 37. Nc1 Kb6 38. Nb3 Kc6 39. Nc5 Kb6 40. b3 a5
41. bxa5+ Kxa5 42. Nd3 Kb6 43. Nb4 Bb7 44. Nd3 Bc6 45. b4 Bd7 46. Nc5 Bc6
1/2-1/2

[Event "Saint Quentin 2005"]
[Site "Elancourt"]
[Date "2005.04.26"]
[Round "5.11"]
[White "Fischer, Jean-Claude"]
[Black "Benier, Adrien"]
[Result "1/2-1/2"]
[WhiteElo "1920"]
[BlackElo "1970"]
[PlyCount "61"]
[EventDate "2005.04.??"]

1. e4 e6 2. d4 d5 3. exd5 exd5 4. Bd3 Nf6 5. Nf3 Nc6 6. c3 Bd6 7. O-O Be6 8.
Ng5 Qd7 9. Nxe6 fxe6 10. b4 O-O-O 11. a4 h5 12. f4 Rdf8 13. Qc2 g5 14. Na3 gxf4
15. Bxf4 Ng4 16. Bxd6 Qxd6 17. g3 Rxf1+ 18. Bxf1 h4 19. Nb5 Qe7 20. Qe2 Rg8 21.
Re1 Nd8 22. Nxa7+ Kb8 23. Nb5 hxg3 24. hxg3 Nh6 25. Qf3 Qh4 26. Kf2 Ng4+ 27.
Ke2 Qh2+ 28. Qg2 Qh6 29. Qf3 Qh2+ 30. Qg2 Qh5 31. Qf3 1/2-1/2

[Event "Saint Quentin 2005"]
[Site "Elancourt"]
[Date "2005.04.26"]
[Round "5.12"]
[White "Labarthe, Arnaud"]
[Black "Francois, Jean"]
[Result "1-0"]
[WhiteElo "2034"]
[BlackElo "1900"]
[PlyCount "137"]
[EventDate "2005.04.??"]

1. d4 d5 2. c4 c6 3. Nc3 Nf6 4. Bg5 Nbd7 5. e3 h6 6. Bh4 e6 7. cxd5 exd5 8. Bd3
Be7 9. Qc2 Nh5 10. Bxe7 Qxe7 11. Nge2 Nb6 12. Ng3 Nf4 13. O-O Nxd3 14. Qxd3 O-O
15. e4 dxe4 16. Ncxe4 Be6 17. Rfe1 Bc4 18. Qc3 Qc7 19. Nf5 Rad8 20. d5 f6 21.
d6 Qf7 22. Qg3 Kh7 23. b3 Be6 24. Ne7 Nc8 25. Nxc8 Rxc8 26. Nc5 Rfe8 27. Qd3+
f5 28. d7 Bxd7 29. Qxd7 Qf6 30. Rac1 Rcd8 31. Qxb7 Rxe1+ 32. Rxe1 Qc3 33. Qe7
Rd5 34. Na4 Qc2 35. h3 Rd2 36. Qc5 Qd3 37. Qc3 Qd6 38. Qf3 Qg6 39. Nc3 Rd7 40.
Rd1 Rf7 41. Ne2 Qf6 42. Qd3 Qb2 43. Qd2 Qe5 44. Qe3 Qa5 45. a4 Qb4 46. Qc3 Qe4
47. Ng3 Qe6 48. Re1 Qd6 49. Rc1 f4 50. Ne4 Qe6 51. f3 Rc7 52. Rd1 Qe7 53. Qd3
g6 54. Qd6 Qxd6 55. Rxd6 c5 56. Rd7+ Rxd7 57. Nf6+ Kg7 58. Nxd7 c4 59. bxc4 Kf7
60. Ne5+ Kf6 61. Nc6 a6 62. Nb8 a5 63. Nc6 Ke6 64. Nxa5 Kd6 65. Nb3 g5 66. Kf2
h5 67. Ke2 Kc6 68. Kd3 Kb6 69. Ke4 1-0

[Event "Saint Quentin 2005"]
[Site "Elancourt"]
[Date "2005.04.26"]
[Round "5.13"]
[White "Scozzesi, Francois"]
[Black "Boussaha, Bilal"]
[Result "1/2-1/2"]
[WhiteElo "2010"]
[BlackElo "1877"]
[PlyCount "35"]
[EventDate "2005.04.??"]

1. e4 e5 2. d4 exd4 3. Qxd4 Nc6 4. Qe3 d6 5. Bd2 Nf6 6. Nc3 g6 7. O-O-O Bg7 8.
f4 O-O 9. h4 h5 10. Bc4 Bg4 11. Rf1 Re8 12. Qg3 Nxe4 13. Nxe4 Rxe4 14. Bd3 Re8
15. f5 Be5 16. Qf2 Bd4 17. Qg3 Be5 18. Qf2 1/2-1/2

[Event "Saint Quentin 2005"]
[Site "Elancourt"]
[Date "2005.04.26"]
[Round "5.14"]
[White "Szwedkowski, Sylvain"]
[Black "Bilquez, Romain"]
[Result "0-1"]
[WhiteElo "1790"]
[BlackElo "2001"]
[PlyCount "44"]
[EventDate "2005.04.??"]

1. d4 d5 2. c4 c6 3. Nf3 Nf6 4. Nc3 e6 5. Bg5 Nbd7 6. cxd5 cxd5 7. Rc1 Qa5 8.
Bd2 a6 9. a3 Qd8 10. Bg5 b5 11. e3 Bb7 12. Bd3 Be7 13. O-O O-O 14. Re1 Rc8 15.
Nb1 Nb6 16. Qe2 Nc4 17. Bxf6 Bxf6 18. b3 Nd6 19. Rc2 Rxc2 20. Qxc2 g6 21. Rc1
Qe7 22. Qc7 Rc8 0-1

[Event "Saint Quentin 2005"]
[Site "Elancourt"]
[Date "2005.04.26"]
[Round "5.16"]
[White "Dominguez, Alain"]
[Black "Branson, James"]
[Result "1-0"]
[WhiteElo "1920"]
[BlackElo "1499"]
[PlyCount "91"]
[EventDate "2005.04.??"]

1. Nf3 Nf6 2. c4 e6 3. Nc3 c5 4. d4 d5 5. cxd5 exd5 6. e3 a6 7. Be2 b6 8. O-O
Bb7 9. b3 Qc7 10. Bb2 Nbd7 11. Rc1 Rc8 12. dxc5 bxc5 13. Na4 Be7 14. Nd4 Qd8
15. Nf5 O-O 16. Bf3 Re8 17. Nxe7+ Qxe7 18. Ba3 Ne4 19. Bxe4 Qxe4 20. Nc3 Qf5
21. Ne2 c4 22. Nd4 Qe4 23. Rc3 Qg6 24. f4 Nf6 25. h3 Ne4 26. Rc2 Qg3 27. Rf3
Qh4 28. Kh2 c3 29. Qc1 Nd2 30. Rg3 Rxe3 31. Nf5 Qxf4 32. Nxe3 d4 33. Rxd2 cxd2
34. Qxd2 dxe3 35. Qxe3 Qc7 36. Qd4 f5 37. Bb2 g6 38. Qh8+ Kf7 39. Qxh7+ Kf8 40.
Ba3+ Ke8 41. Qxg6+ Qf7 42. Re3+ Be4 43. Qxa6 Qc7+ 44. Rg3 Ra8 45. Qe6+ Kd8 46.
Bd6 1-0

[Event "Saint Quentin 2005"]
[Site "Elancourt"]
[Date "2005.04.26"]
[Round "5.17"]
[White "Rodriguez, Jean-Pierre"]
[Black "Aouizerate, Robert"]
[Result "0-1"]
[WhiteElo "1650"]
[BlackElo "1989"]
[PlyCount "50"]
[EventDate "2005.04.??"]

1. d4 Nf6 2. c4 g6 3. Nc3 d5 4. cxd5 Nxd5 5. Nf3 Bg7 6. e4 Nxc3 7. bxc3 c5 8.
Bb2 cxd4 9. cxd4 Qa5+ 10. Qd2 Qxd2+ 11. Nxd2 O-O 12. Bc4 Nc6 13. Nf3 Bg4 14. e5
Bxf3 15. gxf3 Rfd8 16. Rd1 Rac8 17. f4 Nxe5 18. fxe5 Rxc4 19. O-O Rc2 20. Ba3
e6 21. Bd6 Rxa2 22. Rc1 Bf8 23. Rc7 Bxd6 24. exd6 Rxd6 25. Rxb7 Rxd4 0-1

[Event "Saint Quentin 2005"]
[Site "Elancourt"]
[Date "2005.04.26"]
[Round "5.18"]
[White "Mahe, Romain"]
[Black "Mazaltob, Gerald"]
[Result "1-0"]
[WhiteElo "1970"]
[BlackElo "1570"]
[PlyCount "97"]
[EventDate "2005.04.??"]

1. e4 c5 2. Nf3 d6 3. d4 cxd4 4. Nxd4 Nf6 5. Bc4 e6 6. Nc3 a6 7. Bb3 Be7 8. Be3
O-O 9. f3 Qc7 10. Qe2 b5 11. a3 Nc6 12. O-O-O Bd7 13. g4 Rfb8 14. g5 Nxd4 15.
Bxd4 Ne8 16. h4 a5 17. Rhf1 a4 18. Ba2 b4 19. axb4 Rxb4 20. Nb1 Bb5 21. Qd2
Bxf1 22. Qxb4 d5 23. Qc3 Qxc3 24. Nxc3 Bc4 25. exd5 Bxa2 26. Nxa2 exd5 27. Nc3
a3 28. bxa3 Bxa3+ 29. Kb1 Rb8+ 30. Ka2 Bd6 31. Nxd5 Rb5 32. c4 Rb8 33. c5 Bg3
34. h5 Kf8 35. Nb6 Rb7 36. Be3 Re7 37. Rd3 Bc7 38. Kb3 Re6 39. Kb4 Be5 40. Nd5
Bb8 41. Nb6 Be5 42. Nd5 Bb8 43. Kb5 Bc7 44. Nb6 Be5 45. Nd7+ Kg8 46. Nxe5 Rxe5
47. Kb6 Re6+ 48. c6 Re7 49. Bf4 1-0

[Event "Saint Quentin 2005"]
[Site "Elancourt"]
[Date "2005.04.26"]
[Round "5.19"]
[White "Duval, Dominique"]
[Black "Collette, Gilles"]
[Result "1-0"]
[WhiteElo "1630"]
[BlackElo "1790"]
[PlyCount "53"]
[EventDate "2005.04.??"]

1. d4 Nf6 2. Nf3 g6 3. Nc3 Bg7 4. Bf4 O-O 5. e3 d6 6. Be2 Nbd7 7. h3 c5 8. Qd2
a6 9. a4 Nh5 10. Bh2 Nhf6 11. O-O b6 12. Rad1 Bb7 13. d5 Ne8 14. e4 f5 15. Ng5
Nc7 16. exf5 Rxf5 17. Bg4 Bxc3 18. bxc3 Rf6 19. Be6+ Kg7 20. Rfe1 Nf8 21. c4
Ncxe6 22. dxe6 Qc8 23. Qc3 Kg8 24. Nf7 Nxe6 25. Nh6+ Kf8 26. Ng4 Rf7 27. Qh8#
1-0

[Event "Saint Quentin 2005"]
[Site "Elancourt"]
[Date "2005.04.26"]
[Round "5.20"]
[White "Le Scraigne, Eric"]
[Black "Miolane, Leo"]
[Result "1/2-1/2"]
[WhiteElo "1740"]
[BlackElo "1550"]
[PlyCount "56"]
[EventDate "2005.04.??"]

1. d4 Nf6 2. Nf3 d5 3. c4 e6 4. Nc3 Bb4 5. Bg5 O-O 6. e3 b6 7. cxd5 exd5 8. Bd3
Bb7 9. O-O h6 10. Bh4 Be7 11. Rc1 Ne4 12. Bxe7 Qxe7 13. Qb3 Nxc3 14. Qxc3 c6
15. Bb1 Nd7 16. Qc2 Nf6 17. Ne5 Rfc8 18. Qf5 Qe6 19. f3 c5 20. Rfe1 cxd4 21.
exd4 Rxc1 22. Rxc1 Rc8 23. Rxc8+ Bxc8 24. Qxe6 Bxe6 25. Nc6 a5 26. b4 axb4 27.
Nxb4 Kf8 28. Bd3 Bd7 1/2-1/2

[Event "Saint Quentin 2005"]
[Site "Elancourt"]
[Date "2005.04.26"]
[Round "5.21"]
[White "Gahagnon, Jacques"]
[Black "Gaillet, Philippe"]
[Result "1-0"]
[WhiteElo "1720"]
[BlackElo "1310"]
[PlyCount "85"]
[EventDate "2005.04.??"]

1. d4 d5 2. Nf3 Nf6 3. c3 Bg4 4. e3 e6 5. Nbd2 Be7 6. Qb3 b6 7. Ne5 O-O 8. Nxg4
Nxg4 9. h3 Nf6 10. Bd3 Nbd7 11. Nf3 c5 12. Qd1 cxd4 13. exd4 Qc7 14. O-O h6 15.
Qe2 Bd6 16. Re1 a6 17. Ne5 b5 18. Bf4 Rac8 19. Rac1 Nb6 20. Bg3 Nc4 21. b3 Na5
22. c4 Qb6 23. c5 Bxc5 24. dxc5 Rxc5 25. b4 Rxc1 26. Rxc1 Nc4 27. Kh1 Qd4 28.
Rd1 Qb2 29. Bxc4 Qxe2 30. Bxe2 Rc8 31. Bd3 Nh5 32. Bh2 Nf6 33. f3 Ne8 34. Nd7
f6 35. Nc5 e5 36. Bf5 Rc7 37. Rxd5 Kf7 38. f4 exf4 39. Bxf4 Re7 40. Rd7 Rxd7
41. Bxd7 g5 42. Bxe8+ Kxe8 43. Bd2 1-0

[Event "Saint Quentin 2005"]
[Site "Elancourt"]
[Date "2005.04.26"]
[Round "5.22"]
[White "Sineux, Sandra"]
[Black "Baron, Romuald"]
[Result "0-1"]
[WhiteElo "1510"]
[BlackElo "1973"]
[PlyCount "60"]
[EventDate "2005.04.??"]

1. e4 c6 2. d4 d5 3. Nc3 dxe4 4. Nxe4 Bf5 5. Ng3 Bg6 6. h4 h6 7. Nf3 Nf6 8. h5
Bh7 9. Bd3 Bxd3 10. Qxd3 Nbd7 11. Bd2 e6 12. O-O-O Qb6 13. Ne4 Be7 14. Be3 Nd5
15. Bd2 a5 16. Nc3 Nb4 17. Qe2 Bf6 18. Qc4 O-O 19. Rh3 c5 20. Na4 Qa6 21. Qxa6
Rxa6 22. a3 Nd5 23. Nxc5 Nxc5 24. dxc5 Rc8 25. Rg3 Kf8 26. Be3 Nxe3 27. fxe3
Rxc5 28. Rd7 Rb6 29. Nd4 Rxh5 30. Kd2 Rxb2 0-1

[Event "Saint Quentin 2005"]
[Site "Elancourt"]
[Date "2005.04.26"]
[Round "5.23"]
[White "Levier, Jean-Francois"]
[Black "O Neill, Liam"]
[Result "1-0"]
[WhiteElo "1700"]
[BlackElo "1360"]
[PlyCount "131"]
[EventDate "2005.04.??"]

1. d4 Nf6 2. Nf3 g6 3. Bg5 Bg7 4. Nbd2 d6 5. e4 Nbd7 6. c3 e5 7. dxe5 Nxe5 8.
Nxe5 dxe5 9. Be2 O-O 10. O-O Re8 11. Qc2 c5 12. Rad1 Qc7 13. Nc4 Be6 14. Nd6
Red8 15. Nb5 Qb6 16. b3 a6 17. Na3 Qc6 18. f3 a5 19. Bc4 Bxc4 20. Nxc4 Qe6 21.
Ne3 h6 22. Bh4 g5 23. Bg3 Nh5 24. Nd5 Rac8 25. c4 Nxg3 26. hxg3 Re8 27. Rd3 Qg6
28. Rfd1 g4 29. Qe2 h5 30. fxg4 hxg4 31. Rf1 Re6 32. Rdd1 Qg5 33. Qd2 Qxd2 34.
Rxd2 Bh6 35. Rdf2 Rd8 36. Nf6+ Kh8 37. Nxg4 Rd4 38. Nxh6 Rxh6 39. Rxf7 Rxe4 40.
Rxb7 Rg6 41. Rf8+ Rg8 42. Rxg8+ Kxg8 43. Ra7 Re2 44. Rxa5 Kf7 45. Kf1 Rd2 46.
Rxc5 Kf6 47. a4 Kf5 48. a5 Ke4 49. Rd5 Rb2 50. Rb5 Kd4 51. a6 e4 52. a7 Ke3 53.
Kg1 Ra2 54. Rb7 Ra1+ 55. Kh2 Kd2 56. Rd7+ Ke2 57. c5 e3 58. c6 Kf1 59. Rf7+ Ke1
60. c7 Rxa7 61. c8=Q Rxf7 62. Qc1+ Kf2 63. Qc2+ Kf1 64. Qc4+ e2 65. Qxf7+ Ke1
66. Qf3 1-0

[Event "Saint Quentin 2005"]
[Site "Elancourt"]
[Date "2005.04.26"]
[Round "5.24"]
[White "Marquet, Didier"]
[Black "Vallobra, Pierre"]
[Result "0-1"]
[WhiteElo "1550"]
[BlackElo "1360"]
[PlyCount "100"]
[EventDate "2005.04.??"]

1. e4 e6 2. Nf3 d5 3. exd5 exd5 4. d4 Bg4 5. Nc3 Nf6 6. Bd3 c5 7. Qe2+ Be6 8.
Bb5+ Nc6 9. Ne5 Qc7 10. Be3 cxd4 11. Bxd4 Bd6 12. f4 O-O 13. Nxc6 Bg4 14. Qf2
bxc6 15. Bxf6 cxb5 16. Nxd5 Qa5+ 17. b4 Bxb4+ 18. Nxb4 Qxb4+ 19. c3 Rfe8+ 20.
Kf1 Qc4+ 21. Kg1 gxf6 22. h3 Bh5 23. g4 Bg6 24. f5 Qxc3 25. Kh2 Qe5+ 26. Kg2
Qe2 27. fxg6 Qxf2+ 28. Kxf2 fxg6 29. Rae1 Rxe1 30. Rxe1 Rd8 31. Re2 f5 32. gxf5
Rf8 33. Kg3 Rxf5 34. Re6 a5 35. Re8+ Kf7 36. Rc8 b4 37. h4 Kg7 38. Rc4 Kh6 39.
Rc2 Kh5 40. Rc4 Rd5 41. Kf3 Rd2 42. Rc5+ Kxh4 43. Rxa5 g5 44. Ra8 h6 45. Ra4
g4+ 46. Ke3 Rb2 47. Kd3 g3 48. a3 g2 49. axb4 Rb1 50. b5+ Kh3 0-1

[Event "Saint Quentin 2005"]
[Site "Elancourt"]
[Date "2005.04.26"]
[Round "5.25"]
[White "Durez, Gerard"]
[Black "Salaun, Alexandre"]
[Result "1-0"]
[WhiteElo "1530"]
[BlackElo "1210"]
[PlyCount "67"]
[EventDate "2005.04.??"]

1. c4 e5 2. g3 Nf6 3. Bg2 Nc6 4. Nc3 Bb4 5. Nd5 Bc5 6. e3 d6 7. a3 Be6 8. b4
Bb6 9. Bb2 a5 10. b5 Ne7 11. Nxf6+ gxf6 12. Rc1 d5 13. c5 Ba7 14. Qa4 b6 15. c6
Nf5 16. Ne2 Nd6 17. d3 f5 18. Bxe5 Nc8 19. Bxh8 f6 20. Qh4 Qe7 21. Qxf6 Qd6 22.
Nf4 Bg8 23. Qe5+ Qe7 24. Bf6 a4 25. Bxe7 Nxe7 26. Bxd5 Bxd5 27. Nxd5 O-O-O 28.
Nxe7+ Kb8 29. Qxf5 h6 30. Nd5 Ka8 31. Qf7 Rh8 32. Nxc7+ Kb8 33. Na6+ Ka8 34.
Qb7# 1-0

[Event "Saint Quentin 2005"]
[Site "Elancourt"]
[Date "2005.04.26"]
[Round "5.26"]
[White "Guillet, Jacques"]
[Black "Benhamouda, Fabrice"]
[Result "1/2-1/2"]
[WhiteElo "1230"]
[BlackElo "1520"]
[PlyCount "58"]
[EventDate "2005.04.??"]

1. e4 e5 2. Nf3 Nc6 3. d4 exd4 4. Bc4 d6 5. c3 Ne5 6. Nxe5 dxe5 7. O-O c5 8.
Qa4+ b5 9. Qxb5+ Qd7 10. Qb3 Bb7 11. Nd2 Nf6 12. Re1 Bd6 13. Bb5 Bc6 14. Nc4
O-O 15. Bxc6 Qxc6 16. Nxd6 Qxd6 17. Qd1 Qc6 18. Qf3 Rfe8 19. Bg5 Rad8 20. cxd4
cxd4 21. Rac1 Qb6 22. b3 d3 23. Red1 h6 24. Be3 Qb7 25. Rc4 Qa6 26. Ra4 Qc6 27.
Bxa7 Qc2 28. Rc4 Qxa2 29. Rc3 Qxa7 1/2-1/2

[Event "Saint Quentin 2005"]
[Site "Elancourt"]
[Date "2005.04.26"]
[Round "5.27"]
[White "Benchara, Sara"]
[Black "Benhamouda, Mathieu"]
[Result "0-1"]
[WhiteElo "1150"]
[BlackElo "1450"]
[PlyCount "68"]
[EventDate "2005.04.??"]

1. d4 d5 2. c4 e6 3. e3 Nf6 4. Nf3 Nbd7 5. Nbd2 b6 6. Be2 Bb7 7. O-O Bb4 8. Re1
O-O 9. a3 Bxd2 10. Bxd2 Ne4 11. Bb4 Re8 12. Qc1 a5 13. Bd2 Ndf6 14. Rd1 Ng4 15.
Be1 Rc8 16. b4 Qf6 17. Rb1 axb4 18. axb4 dxc4 19. Qxc4 Ng5 20. Nh4 Ne4 21. Bxg4
Qxh4 22. Be2 Nd6 23. Qa2 Qg5 24. Bf1 Ra8 25. Qc2 Rec8 26. Bc3 Be4 27. Rd3 Nb5
28. d5 Na3 29. Qc1 Nxb1 30. Qxb1 Bxd3 31. Qxd3 Qxd5 32. Qe2 f6 33. Qg4 Qf5 34.
Qxg7+ Kxg7 0-1

[Event "Saint Quentin 2005"]
[Site "Elancourt"]
[Date "2005.04.26"]
[Round "5.28"]
[White "Benchara, Imane"]
[Black "Dubos, Jean-Luc"]
[Result "0-1"]
[WhiteElo "1320"]
[BlackElo "1430"]
[PlyCount "88"]
[EventDate "2005.04.??"]

1. d4 Nf6 2. c4 g6 3. Nf3 Bg7 4. g3 O-O 5. Bg2 b6 6. O-O Bb7 7. Nc3 d6 8. Be3
a6 9. Rc1 Nbd7 10. d5 Rc8 11. Bd4 c6 12. Ng5 cxd5 13. cxd5 Nc5 14. Bxf6 Bxf6
15. Nge4 Nxe4 16. Nxe4 Bxb2 17. Rxc8 Qxc8 18. Nd2 Bd4 19. Qa4 Bc5 20. Qh4 Kg7
21. Ne4 f6 22. Nxc5 Qxc5 23. Qe4 Re8 24. Qa4 Qc7 25. Qa3 Rc8 26. h3 Qc5 27.
Qxc5 Rxc5 28. Rb1 b5 29. e4 Kf7 30. Kh2 Rc4 31. Ra1 e6 32. dxe6+ Kxe6 33. Re1
Ke5 34. Re2 Bxe4 35. Bxe4 Rxe4 36. Rxe4+ Kxe4 37. Kg2 d5 38. f3+ Ke3 39. g4 Ke2
40. Kg3 d4 41. f4 d3 42. g5 f5 43. h4 d2 44. h5 d1=Q 0-1

[Event "Saint Quentin 2005"]
[Site "Elancourt"]
[Date "2005.04.27"]
[Round "6.1"]
[White "Radulov, Ivan"]
[Black "Sulypa, Alexandre"]
[Result "1/2-1/2"]
[WhiteElo "2334"]
[BlackElo "2480"]
[PlyCount "36"]
[EventDate "2005.04.??"]

1. e4 c6 2. d4 d5 3. Nd2 dxe4 4. Nxe4 Bf5 5. Ng3 Bg6 6. Nf3 Nd7 7. h4 h6 8. h5
Bh7 9. Bd3 Bxd3 10. Qxd3 Ngf6 11. Bd2 e6 12. O-O-O Be7 13. Kb1 O-O 14. Ne4 c5
15. dxc5 Nxc5 16. Qxd8 Rfxd8 17. Nxf6+ Bxf6 18. Be3 Na4 1/2-1/2

[Event "Saint Quentin 2005"]
[Site "Elancourt"]
[Date "2005.04.27"]
[Round "6.2"]
[White "Bouverot, Olivier"]
[Black "Bogdanov, Emil"]
[Result "1-0"]
[WhiteElo "2138"]
[BlackElo "2250"]
[PlyCount "50"]
[EventDate "2005.04.??"]

1. d4 Nf6 2. Nf3 e6 3. Bf4 b6 4. Nbd2 Bb7 5. e3 Be7 6. Bd3 d5 7. c3 Nh5 8. Be5
Nd7 9. Qa4 a6 10. g4 Nhf6 11. Rg1 g6 12. h4 c5 13. h5 b5 14. Qc2 c4 15. Be2
Nxe5 16. Nxe5 Rg8 17. O-O-O Ne4 18. hxg6 hxg6 19. f4 Bd6 20. g5 Nxd2 21. Qxd2
Qa5 22. a3 Rh8 23. Rh1 Qc7 24. Rh2 a5 25. Rdh1 Rxh2 1-0

[Event "Saint Quentin 2005"]
[Site "Elancourt"]
[Date "2005.04.27"]
[Round "6.3"]
[White "Baron, Daniel"]
[Black "Plantet, Marc"]
[Result "0-1"]
[WhiteElo "2134"]
[BlackElo "2036"]
[PlyCount "58"]
[EventDate "2005.04.??"]

1. d4 Nf6 2. c4 e5 3. dxe5 Ne4 4. Qc2 Bb4+ 5. Nd2 d5 6. Ngf3 Nc6 7. a3 Bxd2+ 8.
Bxd2 Bf5 9. Qc1 O-O 10. e3 Nc5 11. Qc3 Ne4 12. Qc1 Re8 13. cxd5 Nxe5 14. Be2
Qxd5 15. Nxe5 Rxe5 16. Bf3 Qd3 17. Be2 Qd6 18. Bb4 Qg6 19. Bf3 Bg4 20. Qxc7
Rae8 21. Bc3 Nxf2 22. Bxe5 Bxf3 23. gxf3 Nd3+ 24. Ke2 Nxe5 25. Rhg1 Qd3+ 26.
Kf2 Qd2+ 27. Kg3 Qxe3 28. Rgf1 Qg5+ 29. Kf2 Nd3# 0-1

[Event "Saint Quentin 2005"]
[Site "Elancourt"]
[Date "2005.04.27"]
[Round "6.4"]
[White "Gerard, Nicolas"]
[Black "Brunel, Eric"]
[Result "1-0"]
[WhiteElo "2334"]
[BlackElo "1920"]
[PlyCount "73"]
[EventDate "2005.04.??"]

1. d4 g6 2. c4 Bg7 3. Nc3 Nf6 4. e4 O-O 5. f4 d6 6. Nf3 c6 7. Be2 Qc7 8. O-O
Bg4 9. Be3 e6 10. Qd2 Rd8 11. Rad1 Nbd7 12. Qe1 Nf8 13. Qg3 Bxf3 14. Qxf3 Rd7
15. Kh1 a6 16. Rc1 Rb8 17. f5 Re8 18. Bg5 exf5 19. exf5 h6 20. Bxf6 Bxf6 21.
fxg6 Bxd4 22. gxf7+ Rxf7 23. Qg4+ Bg7 24. Bd3 Re6 25. Ne4 Qe7 26. Rxf7 Kxf7 27.
Rf1+ Kg8 28. h3 d5 29. cxd5 cxd5 30. Nc3 Re1 31. Nxd5 Qe5 32. Qc4 Kh8 33. Nc3
Qe3 34. Qf7 Rxf1+ 35. Bxf1 Qd2 36. Nd5 Qxb2 37. Ne7 1-0